[Event "European Senior Teams Chess Championship"]
[Site "Rogaska Slatina"]
[Date "2012.03.31"]
[Round "5.11"]
[White "Wittmann, Walter"]
[Black "Weinwurm, Wolfgang"]
[Result "1-0"]
[WhiteElo "2286"]
[BlackElo "2172"]
[PlyCount "71"]
[EventDate "2012.03.27"]
[WhiteTeam "AUT 1"]
[BlackTeam "AUT - NIEDEROSTERREICH"]

1. e4 d6 2. d4 Nf6 3. Nc3 g6 4. f4 Bg7 5. Nf3 c5 6. dxc5 Qa5 7. Qd4 O-O 8. cxd6
Nc6 9. Qd2 Bg4 10. dxe7 Rfe8 11. Bd3 Bxf3 12. gxf3 Rxe7 13. O-O Qh5 14. a3 Rd8
15. Qg2 Qc5+ 16. Kh1 Na5 17. Qg5 Qc7 18. e5 Nd5 19. Nxd5 Rxd5 20. Bd2 f6 21.
Qh4 fxe5 22. f5 gxf5 23. Bxa5 Rxa5 24. Bxf5 h6 25. Rad1 Ra6 26. Rg1 Kf8 27. Be4
Rf6 28. Rd2 Qb6 29. Qh5 Rd6 30. Qf5+ Rf6 31. Qh7 Rff7 32. Rgd1 Re8 33. Bd5 Qf6
34. Bxf7 Qxf3+ 35. Kg1 Qe3+ 36. Rf2 1-0

[Event "European Senior Teams Chess Championship"]
[Site "Rogaska Slatina"]
[Date "2012.03.31"]
[Round "5.11"]
[White "Winiwarter, Felix"]
[Black "Roth, Peter"]
[Result "1/2-1/2"]
[WhiteElo "2162"]
[BlackElo "2262"]
[PlyCount "43"]
[EventDate "2012.03.27"]
[WhiteTeam "AUT - NIEDEROSTERREICH"]
[BlackTeam "AUT 1"]

1. e4 e6 2. d4 d5 3. Nc3 Bb4 4. e5 c5 5. a3 Bxc3+ 6. bxc3 Qa5 7. Bd2 Qa4 8. Nf3
h6 9. Bd3 c4 10. Be2 Nc6 11. O-O Bd7 12. Ne1 Nge7 13. f4 O-O-O 14. Nf3 Rdf8 15.
Be1 f6 16. Qd2 f5 17. Bh4 Be8 18. Kh1 Bh5 19. h3 Rhg8 20. Rg1 Bg6 21. Rab1 Bh7
22. Kh2 1/2-1/2

[Event "European Senior Teams Chess Championship"]
[Site "Rogaska Slatina"]
[Date "2012.03.31"]
[Round "5.12"]
[White "Jamieson, Peter M"]
[Black "Thornton, John D"]
[Result "1/2-1/2"]
[WhiteElo "2251"]
[BlackElo "2036"]
[PlyCount "43"]
[EventDate "2012.03.27"]
[WhiteTeam "SCO 1"]
[BlackTeam "WLS"]

1. d4 f5 2. Nc3 Nf6 3. Bg5 d5 4. e3 e6 5. Bd3 c5 6. dxc5 Bxc5 7. Nf3 Nc6 8. O-O
O-O 9. Na4 Be7 10. c4 Kh8 11. Rc1 dxc4 12. Bxc4 Ne4 13. Qxd8 Bxd8 14. Bxd8 Rxd8
15. Bb5 Bd7 16. Nc5 Nxc5 17. Rxc5 Kg8 18. h3 h6 19. Rfc1 Nb4 20. Bxd7 Rxd7 21.
Ne5 Rd5 22. Rxd5 1/2-1/2

[Event "European Senior Teams Chess Championship"]
[Site "Rogaska Slatina"]
[Date "2012.03.31"]
[Round "5.12"]
[White "White, Alastair F"]
[Black "Van Kemenade, Rudy"]
[Result "1-0"]
[WhiteElo "2097"]
[BlackElo "1984"]
[PlyCount "99"]
[EventDate "2012.03.27"]
[WhiteTeam "SCO 1"]
[BlackTeam "WLS"]

1. e4 e5 2. Bc4 Nf6 3. d4 exd4 4. Nf3 Nc6 5. O-O Bc5 6. c3 dxc3 7. e5 d5 8.
exf6 dxc4 9. fxg7 Rg8 10. Qxd8+ Nxd8 11. Nxc3 Rxg7 12. Re1+ Ne6 13. Nd5 Bd6 14.
Nf6+ Kd8 15. Be3 b5 16. Nd4 Bb7 17. g3 Rg6 18. Nxe6+ fxe6 19. Nxh7 Kd7 20. Ng5
Rag8 21. f4 e5 22. fxe5 Bxe5 23. Rad1+ Kc8 24. Bf4 Bxb2 25. Re7 Rc6 26. Rdd7
Kb8 27. Bxc7+ Rxc7 28. Rxc7 Bd4+ 29. Kf1 Bc8 30. Ne4 Bb6 31. Rg7 Rd8 32. Rce7
Bd4 33. Rgf7 c3 34. Rc7 Bd7 35. Rxc3 Bxc3 36. Nxc3 b4 37. Ne4 Be6 38. Rf2 Rd1+
39. Ke2 Ra1 40. Kd3 Bxa2 41. Kd4 a5 42. Kc5 Be6 43. Kb5 a4 44. Nc5 Bc8 45. Rf8
Rc1 46. Na6+ Ka8 47. Nxb4 a3 48. Rf3 Rh1 49. Rxa3+ Kb8 50. Nc6+ 1-0

[Event "European Senior Teams Chess Championship"]
[Site "Rogaska Slatina"]
[Date "2012.03.31"]
[Round "5.12"]
[White "Gilbert, Colin"]
[Black "Borwell, Alan P"]
[Result "0-1"]
[WhiteElo "1795"]
[BlackElo "2085"]
[PlyCount "70"]
[EventDate "2012.03.27"]
[WhiteTeam "WLS"]
[BlackTeam "SCO 1"]

1. Nf3 Nf6 2. g3 b6 3. Bg2 Bb7 4. O-O e6 5. d3 Be7 6. e4 d6 7. Nc3 Nbd7 8. h3
O-O 9. Be3 h6 10. Qd2 Nh7 11. Nh2 f5 12. exf5 Bxg2 13. Kxg2 exf5 14. Nd5 g5 15.
f4 c6 16. Nxe7+ Qxe7 17. Rae1 Qg7 18. c3 Rae8 19. Rf2 c5 20. Rfe2 Ndf6 21. Bf2
Rxe2 22. Rxe2 Nh5 23. Kh1 gxf4 24. gxf4 Qb7+ 25. Kg1 Kf7 26. Bh4 Rg8+ 27. Ng4
N7f6 28. Qe3 Qd7 29. Kf1 fxg4 30. f5 Re8 31. Qf2 Rxe2 32. Kxe2 g3 33. Bxg3 Qxf5
34. Qg2 Nxg3+ 35. Qxg3 Qe5+ 0-1

[Event "European Senior Teams Chess Championship"]
[Site "Rogaska Slatina"]
[Date "2012.03.31"]
[Round "5.13"]
[White "Steedman, James"]
[Black "Dickhoff, Ronald"]
[Result "1/2-1/2"]
[WhiteElo "2129"]
[BlackElo "2144"]
[PlyCount "46"]
[EventDate "2012.03.27"]
[WhiteTeam "NOR 2"]
[BlackTeam "NED - DIS.DIS."]

1. d4 Nf6 2. c4 e6 3. Nc3 Bb4 4. Qc2 c5 5. dxc5 O-O 6. Bf4 Bxc5 7. Nf3 Nc6 8.
e3 d5 9. Rd1 Qa5 10. a3 Ne4 11. cxd5 Nxc3 12. bxc3 exd5 13. Bd3 g6 14. O-O Bg4
15. Rb1 Bxf3 16. gxf3 Rac8 17. a4 Qd8 18. Rxb7 Bb6 19. Bh6 Re8 20. Bb5 Qf6 21.
f4 Qh4 22. Bg5 Qg4+ 23. Kh1 Qf3+ 1/2-1/2

[Event "European Senior Teams Chess Championship"]
[Site "Rogaska Slatina"]
[Date "2012.03.31"]
[Round "5.13"]
[White "Ahlers, Ben"]
[Black "Hauge, Tor Arne"]
[Result "1/2-1/2"]
[WhiteElo "2116"]
[BlackElo "2124"]
[PlyCount "51"]
[EventDate "2012.03.27"]
[WhiteTeam "NED - DIS.DIS."]
[BlackTeam "NOR 2"]

1. d4 Nf6 2. c4 g6 3. Nc3 Bg7 4. e4 d6 5. Nge2 O-O 6. Ng3 e5 7. d5 a5 8. Be2
Na6 9. h4 c6 10. h5 cxd5 11. cxd5 Bd7 12. Be3 Rc8 13. Qd2 Nc5 14. f3 a4 15. Kf2
Qa5 16. Rab1 Rc7 17. Nb5 Qxd2 18. Bxd2 Bxb5 19. Bxb5 Ra8 20. hxg6 hxg6 21. Rhc1
Kf8 22. Rc4 Nd3+ 23. Kf1 Rxc4 24. Bxc4 Nc5 25. Bb5 Ne8 26. Ne2 1/2-1/2

[Event "European Senior Teams Chess Championship"]
[Site "Rogaska Slatina"]
[Date "2012.03.31"]
[Round "5.13"]
[White "Taksrud, Vidar"]
[Black "Happel, Henk"]
[Result "0-1"]
[WhiteElo "2075"]
[BlackElo "2129"]
[PlyCount "104"]
[EventDate "2012.03.27"]
[WhiteTeam "NOR 2"]
[BlackTeam "NED - DIS.DIS."]

1. Nc3 d5 2. e4 e6 3. Nf3 Nf6 4. e5 Nfd7 5. d4 c5 6. Bb5 Nc6 7. O-O cxd4 8.
Nxd4 Qc7 9. Bf4 Bc5 10. Nf5 O-O 11. Nxg7 Kxg7 12. Bd3 Ndxe5 13. Qh5 f5 14. Rfe1
a6 15. Na4 Bd6 16. Bh6+ Kg8 17. Qg5+ Ng6 18. Bxf8 Bxf8 19. c4 Nce5 20. Be2 dxc4
21. Bh5 b5 22. Nb6 Qxb6 23. Rxe5 Ra7 24. Bxg6 Rg7 25. Bxh7+ Kxh7 26. Qh4+ Kg8
27. Re3 Bb7 28. Rg3 Bd5 29. Rd1 Qb7 30. f3 Qe7 31. Qf4 Qc5+ 32. Kh1 Bd6 33.
Rxg7+ Kxg7 34. Qg5+ Kf7 35. Qh5+ Ke7 36. Qh7+ Kd8 37. Qg8+ Kc7 38. Qg5 Qf2 39.
Qg7+ Kc6 40. Qd4 Qxd4 41. Rxd4 Be5 42. Rd2 b4 43. h4 c3 44. bxc3 bxc3 45. Rc2
Kc5 46. h5 Kc4 47. h6 Kd3 48. Rf2 c2 49. Rf1 Kd2 50. Rf2+ Kc3 51. Rf1 Kb2 52.
f4 Bh8 0-1

[Event "European Senior Teams Chess Championship"]
[Site "Rogaska Slatina"]
[Date "2012.03.31"]
[Round "5.13"]
[White "Vink, Wim"]
[Black "Sollid, Stein"]
[Result "1/2-1/2"]
[WhiteElo "1954"]
[BlackElo "2018"]
[PlyCount "46"]
[EventDate "2012.03.27"]
[WhiteTeam "NED - DIS.DIS."]
[BlackTeam "NOR 2"]

1. d4 Nf6 2. Nf3 d5 3. c4 e6 4. Nc3 Be7 5. Bg5 O-O 6. e3 h6 7. Bh4 Ne4 8. Bxe7
Qxe7 9. Qc2 Nxc3 10. Qxc3 c6 11. Bd3 Nd7 12. O-O dxc4 13. Bxc4 Nb6 14. Bb3 Bd7
15. Rad1 f5 16. Ne5 Be8 17. f4 Nd5 18. Bxd5 exd5 19. b4 Qe6 20. Rf2 Bd7 21. Qb3
a6 22. a3 Kh7 23. Qd3 Kg8 1/2-1/2

[Event "European Senior Teams Chess Championship"]
[Site "Rogaska Slatina"]
[Date "2012.03.31"]
[Round "5.14"]
[White "Biller, Helmut Dr"]
[Black "Svensson, Leif 1940"]
[Result "1/2-1/2"]
[WhiteElo "2103"]
[BlackElo "2129"]
[PlyCount "57"]
[EventDate "2012.03.27"]
[WhiteTeam "GER - OBERURSEL"]
[BlackTeam "SWE 2"]

1. d4 d5 2. c4 Bf5 3. cxd5 Bxb1 4. Qa4+ c6 5. Rxb1 Qxd5 6. Nf3 Qe4 7. Ra1 Nd7
8. e3 e5 9. Be2 exd4 10. Qxd4 Bb4+ 11. Bd2 Qxd4 12. Nxd4 Bxd2+ 13. Kxd2 Ngf6
14. Rhd1 O-O 15. Ke1 Rad8 16. Nf5 Nc5 17. Rac1 Ne6 18. f3 g6 19. Nd6 Rd7 20.
Nc4 Rfd8 21. Rxd7 Rxd7 22. Rd1 Rxd1+ 23. Bxd1 Nd5 24. Ke2 Kf8 25. g3 Ke7 26. e4
Ndc7 27. Ke3 f6 28. f4 b6 29. Bf3 1/2-1/2

[Event "European Senior Teams Chess Championship"]
[Site "Rogaska Slatina"]
[Date "2012.03.31"]
[Round "5.14"]
[White "Hallerod, Ralph"]
[Black "Falk, Thomas"]
[Result "1/2-1/2"]
[WhiteElo "2102"]
[BlackElo "2132"]
[PlyCount "55"]
[EventDate "2012.03.27"]
[WhiteTeam "SWE 2"]
[BlackTeam "GER - OBERURSEL"]

1. Nf3 Nf6 2. d4 d5 3. e3 e6 4. c4 dxc4 5. Bxc4 a6 6. O-O c5 7. Qe2 Nc6 8. Rd1
cxd4 9. exd4 Be7 10. Nc3 O-O 11. Bf4 Nd5 12. Nxd5 exd5 13. Bd3 Bg4 14. h3 Bh5
15. g4 Bg6 16. Bxg6 hxg6 17. Ne5 Rc8 18. Rac1 Nxe5 19. Rxc8 Qxc8 20. dxe5 g5
21. Be3 Qe6 22. Bd4 Rc8 23. Qd3 g6 24. Bc3 Rd8 25. Qd4 Rd7 26. Kg2 Bd8 27. Qe3
Kg7 28. Bd4 1/2-1/2

[Event "European Senior Teams Chess Championship"]
[Site "Rogaska Slatina"]
[Date "2012.03.31"]
[Round "5.14"]
[White "Thieme, Hans"]
[Black "Wademark, Helge"]
[Result "0-1"]
[WhiteElo "2075"]
[BlackElo "2096"]
[PlyCount "42"]
[EventDate "2012.03.27"]
[WhiteTeam "GER - OBERURSEL"]
[BlackTeam "SWE 2"]

1. e4 e6 2. d4 d5 3. Nc3 Nf6 4. Bg5 Bb4 5. e5 h6 6. exf6 hxg5 7. fxg7 Rg8 8. h4
gxh4 9. Qh5 Qf6 10. Qxh4 Qxg7 11. O-O-O a6 12. Nf3 Nc6 13. Qf4 Bd6 14. Qe3 Ne7
15. Bd3 Bd7 16. g3 Rh8 17. Rxh8+ Qxh8 18. Re1 O-O-O 19. Ng5 Qg8 20. Rh1 f6 21.
Bh7 Qxg5 0-1

[Event "European Senior Teams Chess Championship"]
[Site "Rogaska Slatina"]
[Date "2012.03.31"]
[Round "5.15"]
[White "Ashby, Anthony C"]
[Black "Danner, Lambert"]
[Result "1/2-1/2"]
[WhiteElo "2129"]
[BlackElo "2090"]
[PlyCount "49"]
[EventDate "2012.03.27"]
[WhiteTeam "ENG 2"]
[BlackTeam "AUT - WIEN 2"]

1. d4 f5 2. Bg5 g6 3. h4 Bg7 4. e3 d6 5. Nc3 h6 6. Bf4 e5 7. dxe5 dxe5 8. Qxd8+
Kxd8 9. O-O-O+ Nd7 10. Bg3 c6 11. Bc4 Ke7 12. Nf3 h5 13. Rd2 Nh6 14. Rhd1 Re8
15. Bb3 Ng4 16. Ng5 Rh8 17. Na4 Bf6 18. Nf7 Rf8 19. Nd6 Rd8 20. c4 c5 21. Nc3
Nb6 22. Ndb5 Rxd2 23. Rxd2 Be6 24. Nc7 Rc8 25. N7d5+ 1/2-1/2

[Event "European Senior Teams Chess Championship"]
[Site "Rogaska Slatina"]
[Date "2012.03.31"]
[Round "5.15"]
[White "Mira, Helene"]
[Black "Habershon, Paul F"]
[Result "1/2-1/2"]
[WhiteElo "2083"]
[BlackElo "2122"]
[PlyCount "85"]
[EventDate "2012.03.27"]
[WhiteTeam "AUT - WIEN 2"]
[BlackTeam "ENG 2"]

1. d4 Nf6 2. c4 e6 3. Nf3 b6 4. g3 Bb7 5. Bg2 Be7 6. O-O O-O 7. Nc3 Ne4 8. Nxe4
Bxe4 9. Ne1 Bxg2 10. Nxg2 d5 11. cxd5 exd5 12. Bf4 g5 13. Bd2 f5 14. Qb3 Nc6
15. Qc3 Na5 16. b3 c5 17. dxc5 d4 18. Qd3 Nc6 19. cxb6 Qxb6 20. Qc4+ Kh8 21.
Rac1 Ne5 22. Qd5 Ng6 23. Ba5 Qd6 24. Qxd6 Bxd6 25. Rfd1 Be5 26. e3 dxe3 27.
Nxe3 Rf7 28. Rd8+ Rxd8 29. Bxd8 h6 30. Rc8 Kg7 31. Nc4 Rd7 32. Kf1 Bd4 33. Rc7
Rxc7 34. Bxc7 Ne7 35. Be5+ Bxe5 36. Nxe5 Kf6 37. Nd3 Ke6 38. f4 g4 39. Ke2 Nc6
40. Ke3 Kd5 41. b4 Nd4 42. a4 a6 43. b5 1/2-1/2

[Event "European Senior Teams Chess Championship"]
[Site "Rogaska Slatina"]
[Date "2012.03.31"]
[Round "5.15"]
[White "Quinn, John M"]
[Black "Teichmeister, Sven"]
[Result "1-0"]
[WhiteElo "2121"]
[BlackElo "2039"]
[PlyCount "70"]
[EventDate "2012.03.27"]
[WhiteTeam "ENG 2"]
[BlackTeam "AUT - WIEN 2"]

1. d4 Nf6 2. c4 e6 3. Nc3 Bb4 4. Qc2 Nc6 5. Nf3 d6 6. Bg5 h6 7. Bd2 O-O 8. a3
Bxc3 9. Bxc3 Qe7 10. e3 e5 11. d5 Nb8 12. h3 c6 13. dxc6 Nxc6 14. Be2 Be6 15.
g4 d5 16. Nxe5 Nxe5 17. Bxe5 dxc4 18. O-O-O Rad8 19. e4 b5 20. f4 Rxd1+ 21.
Rxd1 Rd8 22. Bf3 Ne8 23. Bc3 Qc7 24. Rxd8 Qxd8 25. Qd2 Qxd2+ 26. Kxd2 f6 27.
Ke3 Kf7 28. f5 Bc8 29. e5 fxe5 30. Bxe5 Ke7 31. Kd4 Kd7 32. Kc5 a6 33. Bc6+ Ke7
34. Kb6 Nf6 35. Kc7 Bd7 1-0

[Event "European Senior Teams Chess Championship"]
[Site "Rogaska Slatina"]
[Date "2012.03.31"]
[Round "5.15"]
[White "Titz, Herbert"]
[Black "Reuben, Stewart"]
[Result "1/2-1/2"]
[WhiteElo "2024"]
[BlackElo "2115"]
[PlyCount "93"]
[EventDate "2012.03.27"]
[WhiteTeam "AUT - WIEN 2"]
[BlackTeam "ENG 2"]

1. e4 c5 2. Nf3 Nc6 3. d4 cxd4 4. Nxd4 g6 5. c4 Bg7 6. Nc2 d6 7. Be2 Nf6 8. Nc3
O-O 9. O-O Nd7 10. Qd2 Nc5 11. f3 a5 12. Rb1 f5 13. b3 Qb6 14. Kh1 fxe4 15.
Nxe4 Nxe4 16. fxe4 Bg4 17. Ba3 Rf2 18. Qe3 Qxe3 19. Nxe3 Rxe2 20. Nxg4 Rxe4 21.
h3 Re2 22. Rf2 Rxf2 23. Nxf2 Rf8 24. Nd3 Ne5 25. Nxe5 Bxe5 26. Bb2 Bxb2 27.
Rxb2 Rf1+ 28. Kh2 Kf7 29. g3 e5 30. Kg2 Rf6 31. Rd2 Ke6 32. Rd5 e4 33. Rd4 Ke5
34. Rd5+ Ke6 35. Rd4 d5 36. Rxd5 Rf5 37. Rd2 Ke5 38. g4 Rf7 39. Rd5+ Kf4 40.
Kf2 e3+ 41. Ke2 Ke4 42. Rxa5 Rf2+ 43. Ke1 Kf3 44. Ra8 Re2+ 45. Kf1 Rf2+ 46. Ke1
Re2+ 47. Kf1 1/2-1/2

[Event "European Senior Teams Chess Championship"]
[Site "Rogaska Slatina"]
[Date "2012.03.31"]
[Round "5.16"]
[White "Pesec, Franc"]
[Black "Dogantug, Ahmet Ismail"]
[Result "1-0"]
[WhiteElo "2116"]
[BlackElo "2155"]
[PlyCount "101"]
[EventDate "2012.03.27"]
[WhiteTeam "SLO - CELJE"]
[BlackTeam "TUR"]

1. e4 c5 2. d4 cxd4 3. c3 d5 4. exd5 Qxd5 5. cxd4 Nc6 6. Nf3 Bg4 7. Be2 e6 8.
O-O Nf6 9. Nc3 Qd6 10. Nb5 Qb8 11. Qa4 a6 12. Nc3 Bd6 13. h3 Bh5 14. Bg5 Nd5
15. Nxd5 exd5 16. Qb3 h6 17. Be3 Qd8 18. Rfe1 Na5 19. Qd1 O-O 20. Ne5 Bxe2 21.
Rxe2 Rc8 22. b3 Re8 23. Bf4 Qf6 24. Bg3 Nc6 25. Ng4 Qg6 26. Ne5 Qf6 27. Nd7 Qg6
28. Ne5 Bxe5 29. dxe5 d4 30. Qd2 Rcd8 31. Rae1 d3 32. Re3 Nd4 33. Rd1 Ne2+ 34.
Kh2 Nxg3 35. Rxg3 Qf5 36. Qxh6 Qxe5 37. f4 Qb2 38. Rd2 Qc3 39. f5 Qe5 40. Qh5
Rd5 41. Qf3 Red8 42. Qf2 R8d6 43. Kh1 Qa1+ 44. Kh2 Qe5 45. Kh1 Rc5 46. Qe3 Qxf5
47. Rxd3 Rxd3 48. Qxd3 Rc1+ 49. Kh2 Qf2 50. Qd8+ Kh7 51. Qh4+ 1-0

[Event "European Senior Teams Chess Championship"]
[Site "Rogaska Slatina"]
[Date "2012.03.31"]
[Round "5.16"]
[White "Gazvoda, Franc"]
[Black "Muratoglu, Salih"]
[Result "1/2-1/2"]
[WhiteElo "2075"]
[BlackElo "2055"]
[PlyCount "109"]
[EventDate "2012.03.27"]
[WhiteTeam "SLO - CELJE"]
[BlackTeam "TUR"]

1. e4 d6 2. d4 Nf6 3. Nc3 g6 4. Be3 Bg7 5. f3 Nc6 6. Qd2 O-O 7. O-O-O e5 8. d5
Ne7 9. Bh6 c6 10. Bxg7 Kxg7 11. g4 cxd5 12. g5 Nh5 13. exd5 Bf5 14. Nge2 Rc8
15. Ne4 Qc7 16. N2c3 Nf4 17. Be2 Rfd8 18. Nf6 Qa5 19. Rhe1 Rc5 20. Nfe4 Rc7 21.
Kb1 a6 22. h4 b5 23. Nf6 Rdc8 24. Nce4 Qb6 25. Rc1 b4 26. Rh1 Bxe4 27. fxe4 Qf2
28. Rhe1 h5 29. gxh6+ Kxf6 30. Rf1 Qxh4 31. Rxf4+ Qxf4 32. Rf1 Qxf1+ 33. Bxf1
Rxc2 34. Qxc2 Rxc2 35. Kxc2 g5 36. Bxa6 Kg6 37. h7 Kxh7 38. a4 bxa3 39. bxa3 g4
40. Kd2 f5 41. Ke3 Kg6 42. Bb7 g3 43. exf5+ Nxf5+ 44. Kf3 e4+ 45. Kg2 Kg5 46.
a4 Kf4 47. a5 e3 48. Ba6 Ne7 49. Be2 Nxd5 50. a6 Nb6 51. a7 d5 52. Bd3 d4 53.
Be2 Ke4 54. Kxg3 d3 55. Bh5 1/2-1/2

[Event "European Senior Teams Chess Championship"]
[Site "Rogaska Slatina"]
[Date "2012.03.31"]
[Round "5.17"]
[White "Jorgensen, Jorgen"]
[Black "Scholes, James E"]
[Result "1/2-1/2"]
[WhiteElo "2209"]
[BlackElo "2100"]
[PlyCount "24"]
[EventDate "2012.03.27"]
[WhiteTeam "DEN 2"]
[BlackTeam "ENG 3"]

1. c4 e5 2. Nc3 c5 3. Nf3 Nc6 4. e3 d6 5. d4 Bg4 6. dxe5 dxe5 7. Be2 Qxd1+ 8.
Bxd1 O-O-O 9. h3 Be6 10. b3 f6 11. O-O g5 12. Ne1 f5 1/2-1/2

[Event "European Senior Teams Chess Championship"]
[Site "Rogaska Slatina"]
[Date "2012.03.31"]
[Round "5.17"]
[White "Scowen, Roger S"]
[Black "Olesen, Poul Erik Norgaard"]
[Result "1-0"]
[WhiteElo "1943"]
[BlackElo "2052"]
[PlyCount "93"]
[EventDate "2012.03.27"]
[WhiteTeam "ENG 3"]
[BlackTeam "DEN 2"]

1. e4 c5 2. Nc3 d6 3. f4 Nc6 4. Nf3 g6 5. Be2 Bg7 6. d3 Nf6 7. Be3 O-O 8. Qd2
a6 9. a4 Rb8 10. e5 Ng4 11. Bg1 dxe5 12. h3 Nh6 13. fxe5 Nd4 14. g4 f6 15.
O-O-O b5 16. Be3 b4 17. Ne4 Nf7 18. Nxc5 Nxf3 19. Bxf3 Nxe5 20. Be2 Qa5 21. d4
Rd8 22. Bf4 Bb7 23. Nxb7 Rxb7 24. b3 Rbd7 25. Qe3 Nf7 26. Bc4 e5 27. dxe5 Rxd1+
28. Rxd1 Rxd1+ 29. Kxd1 fxe5 30. Bg3 Qd8+ 31. Qd2 Qf6 32. Qd5 h6 33. Ke2 h5 34.
Qe6 hxg4 35. hxg4 Qxe6 36. Bxe6 Kf8 37. a5 Nd6 38. Be1 Ke7 39. Bd5 Kf6 40. Bxb4
Bf8 41. Bd2 Nb5 42. Bc4 Nd4+ 43. Kd3 Nc6 44. Ke4 Nb4 45. g5+ Kg7 46. c3 Nc6 47.
b4 1-0

[Event "European Senior Teams Chess Championship"]
[Site "Rogaska Slatina"]
[Date "2012.03.31"]
[Round "5.17"]
[White "Jorgensen, Arne Bjorn"]
[Black "Wood, Peter R"]
[Result "1-0"]
[WhiteElo "1991"]
[BlackElo "1890"]
[PlyCount "101"]
[EventDate "2012.03.27"]
[WhiteTeam "DEN 2"]
[BlackTeam "ENG 3"]

1. d4 e6 2. Nf3 f5 3. c4 Nf6 4. Nc3 Be7 5. g3 d6 6. Bg2 O-O 7. O-O Ne4 8. Qc2
Nxc3 9. Qxc3 Bf6 10. b4 c5 11. Bb2 Nc6 12. bxc5 dxc5 13. e3 Qc7 14. Rfd1 Bd7
15. Qc2 Nb4 16. Qb3 Qa5 17. a4 Bc6 18. dxc5 Bxb2 19. Qxb2 Qxc5 20. Qb3 Rac8 21.
Rab1 a5 22. Rbc1 Rfd8 23. Nd4 Bxg2 24. Kxg2 Qe7 25. c5 Kh8 26. Qxe6 Qxe6 27.
Nxe6 Re8 28. Nd4 g6 29. Nb5 Red8 30. Nd6 Rc7 31. Nf7+ Rxf7 32. Rxd8+ Kg7 33.
Rcd1 Na6 34. Ra8 Rc7 35. Rc1 Nxc5 36. Rxa5 b6 37. Rb5 Ra7 38. Rxb6 Nxa4 39. Ra1
Nxb6 40. Rxa7+ Kh6 41. h4 Nc4 42. Kf3 Ne5+ 43. Ke2 Ng4 44. f3 Nf6 45. Kf2 g5
46. Ra6 Kg6 47. hxg5 Kxg5 48. Ra5 Kg6 49. Kg2 h5 50. Kh3 Nh7 51. Kh4 1-0

[Event "European Senior Teams Chess Championship"]
[Site "Rogaska Slatina"]
[Date "2012.03.31"]
[Round "5.17"]
[White "Norman, Dinah M"]
[Black "Preuss, Flemming"]
[Result "0-1"]
[WhiteElo "1876"]
[BlackElo "1993"]
[PlyCount "84"]
[EventDate "2012.03.27"]
[WhiteTeam "ENG 3"]
[BlackTeam "DEN 2"]

1. d4 f5 2. g3 Nf6 3. Bg2 g6 4. c4 d6 5. Nc3 Bg7 6. d5 O-O 7. Nh3 Na6 8. O-O
Nc5 9. Ng5 h6 10. Nf3 e5 11. dxe6 Bxe6 12. Nd5 Bf7 13. Nxf6+ Qxf6 14. Nd2 c6
15. Rb1 Rfe8 16. b3 Qe7 17. e3 Rad8 18. Qc2 Qe6 19. Bb2 Bxb2 20. Rxb2 g5 21.
Nf3 Bg6 22. Nd4 Qf6 23. Qd2 Rf8 24. a4 Kh7 25. Ra2 Ne4 26. Qc1 f4 27. f3 Nc5
28. Rd1 fxe3 29. Qxe3 Rde8 30. Qc3 Nd7 31. Qd2 Ne5 32. Qf2 Nd3 33. Rxd3 Bxd3
34. Rd2 Bg6 35. Re2 Rxe2 36. Nxe2 Re8 37. Nd4 c5 38. Nb5 a6 39. Nc7 Qa1+ 40.
Bf1 Re1 41. Kg2 Qe5 42. Nd5 Rb1 0-1

[Event "European Senior Teams Chess Championship"]
[Site "Rogaska Slatina"]
[Date "2012.03.31"]
[Round "5.18"]
[White "Dahl, Ivar M"]
[Black "Lahti, Jouko"]
[Result "1-0"]
[WhiteElo "2146"]
[BlackElo "2016"]
[PlyCount "117"]
[EventDate "2012.03.27"]
[WhiteTeam "NOR 5"]
[BlackTeam "FIN 2"]

1. Nf3 Nf6 2. g3 g6 3. Bg2 Bg7 4. O-O O-O 5. c4 d6 6. Nc3 c6 7. d4 Nbd7 8. b3
c5 9. Bb2 Rb8 10. e3 a6 11. a4 a5 12. Qc2 b6 13. Rad1 Bb7 14. d5 Ng4 15. h3 Nh6
16. e4 Bc8 17. Ng5 Rb7 18. f4 Bd4+ 19. Kh2 Nf6 20. Nb5 Bxb2 21. Qxb2 Ne8 22. e5
Bd7 23. Nxf7 Rxf7 24. e6 Rf8 25. exd7 Rxd7 26. Rde1 Ng7 27. Re2 Nf7 28. Rfe1
Nh6 29. Qd2 Kh8 30. Bf3 Nf7 31. Bg4 Rb7 32. Be6 Qe8 33. Qb2 Kg8 34. Nc3 Nxe6
35. Rxe6 Qd8 36. Qe2 Re8 37. Ne4 Rf8 38. Nf2 Re8 39. Ng4 Kg7 40. Qb2+ Kf8 41.
Nf6 exf6 42. Rxe8+ Qxe8 43. Rxe8+ Kxe8 44. Qxf6 Re7 45. Qb2 Kd7 46. Qc2 Nh6 47.
g4 Nf7 48. Kg3 Re3+ 49. Kg2 Re7 50. Kf3 Kc7 51. h4 Kd7 52. g5 Ke8 53. Kg4 Kf8
54. h5 gxh5+ 55. Kxh5 Re1 56. Qc3 Re7 57. Qf6 Ke8 58. Qf5 Kd8 59. Qxh7 1-0

[Event "European Senior Teams Chess Championship"]
[Site "Rogaska Slatina"]
[Date "2012.03.31"]
[Round "5.18"]
[White "Lyly, Seppo"]
[Black "Fossum, Widar"]
[Result "1-0"]
[WhiteElo "1939"]
[BlackElo "2040"]
[PlyCount "103"]
[EventDate "2012.03.27"]
[WhiteTeam "FIN 2"]
[BlackTeam "NOR 5"]

1. e4 Nf6 2. e5 Nd5 3. d4 e6 4. Nf3 Nb6 5. Bd3 Be7 6. O-O d5 7. exd6 cxd6 8. c4
a5 9. Nc3 Na6 10. a3 Nc7 11. Be3 Nd7 12. Qc2 Nf6 13. Rad1 Bd7 14. Rfe1 Bc6 15.
Nd2 h6 16. Nde4 Nxe4 17. Nxe4 d5 18. Nc3 dxc4 19. Bxc4 O-O 20. Ba2 Ne8 21. d5
exd5 22. Nxd5 Bxd5 23. Bxd5 Qc8 24. Qe4 Qc7 25. Rc1 Qd7 26. Bxb7 Nd6 27. Bc6
Nxe4 28. Bxd7 Nf6 29. Bc6 Ra6 30. Bd4 Rc8 31. Bb5 Rxc1 32. Rxc1 Ra8 33. g3 Rb8
34. a4 Nd5 35. Be5 Rd8 36. Rd1 Nb6 37. Rxd8+ Bxd8 38. Kf1 Nd5 39. Ke2 f6 40.
Bd4 Kf7 41. Bc4 Ke6 42. Bc5 Bc7 43. Kd3 Be5 44. b3 f5 45. f4 Bf6 46. Bxd5+ Kxd5
47. Bb6 h5 48. Bxa5 Bd4 49. Be1 Bg1 50. h3 Bh2 51. Ke3 Bg1+ 52. Bf2 1-0

[Event "European Senior Teams Chess Championship"]
[Site "Rogaska Slatina"]
[Date "2012.03.31"]
[Round "5.19"]
[White "Gustavsson, Sture"]
[Black "Van Geffen, Ben"]
[Result "1/2-1/2"]
[WhiteElo "2018"]
[BlackElo "2113"]
[PlyCount "110"]
[EventDate "2012.03.27"]
[WhiteTeam "SWE 4"]
[BlackTeam "NED - ORANJE"]

1. d4 c5 2. e3 Nf6 3. Nf3 g6 4. Bd3 Bg7 5. b3 O-O 6. O-O cxd4 7. exd4 Nc6 8.
Bb2 d5 9. Nbd2 Nb4 10. Be2 Bf5 11. Ne1 Rc8 12. c3 Nc6 13. Bd3 Qd7 14. Bxf5 Qxf5
15. Ndf3 Ne4 16. Nd3 Rfd8 17. Rc1 b6 18. Qe2 Rd6 19. Nfe5 Nxe5 20. Nxe5 Bxe5
21. dxe5 Rdc6 22. c4 dxc4 23. Rxc4 Rxc4 24. bxc4 Nc5 25. Rd1 Ne6 26. h3 Qf4 27.
Rd7 Qxc4 28. Qxc4 Rxc4 29. Ba3 Rc7 30. Rxe7 Rxe7 31. Bxe7 Nf4 32. g3 Nd5 33.
Bd6 g5 34. Kg2 Kg7 35. Kf3 f5 36. exf6+ Kxf6 37. a3 Kf5 38. Bb8 a5 39. Bd6 b5
40. Ke2 b4 41. axb4 axb4 42. Kd3 b3 43. Ba3 g4 44. hxg4+ Kxg4 45. Kc4 Nf6 46.
Kxb3 Ne4 47. Kc2 Kf3 48. Be7 h5 49. Kd3 Nxf2+ 50. Kd4 Ne4 51. Bd8 Nxg3 52. Kd3
Nf5 53. Kd2 Kf2 54. Kd3 Kf3 55. Kd2 Kf2 1/2-1/2

[Event "European Senior Teams Chess Championship"]
[Site "Rogaska Slatina"]
[Date "2012.03.31"]
[Round "5.19"]
[White "Mostertman, Loek"]
[Black "Ohrn, Stellan"]
[Result "1-0"]
[WhiteElo "2058"]
[BlackElo "1997"]
[PlyCount "61"]
[EventDate "2012.03.27"]
[WhiteTeam "NED - ORANJE"]
[BlackTeam "SWE 4"]

1. e4 c6 2. Nf3 d5 3. Nc3 Bg4 4. h3 Bxf3 5. Qxf3 e6 6. d3 Nd7 7. Bd2 Ngf6 8. g4
h6 9. Qg3 Bb4 10. e5 Ng8 11. O-O-O Qc7 12. f4 O-O-O 13. d4 Ne7 14. Kb1 Bxc3 15.
Qxc3 Kb8 16. Qa3 Rhe8 17. Ba5 b6 18. Bb4 c5 19. dxc5 Nxc5 20. Bg2 Rc8 21. Rc1
g5 22. fxg5 hxg5 23. Rhf1 Ng6 24. Bd2 Nxe5 25. Bxg5 Nc4 26. Qb4 Nd6 27. Qd4 Nb5
28. Qf6 Na4 29. c4 dxc4 30. Qf3 Qc5 31. Qa8+ 1-0